| 000 | 00468nam a2200169Ia 4500 | ||
|---|---|---|---|
| 008 | 220204s9999 xx 000 0 und d | ||
| 082 |
_a632.934.1/.2 _bHOU |
||
| 100 | _aHOUGH, Walter S | ||
| 245 | 0 | _aSpraying dusting and fumigating of plants: Principles and applications | |
| 260 |
_aNew York _bMacmillan _c1951 |
||
| 650 | _aFumigation | ||
| 650 | _aFungicides | ||
| 650 | _aInsecticides | ||
| 650 | _aPest control | ||
| 700 | _aMASON, Freeman A | ||
| 942 | _cBK | ||
| 999 |
_c19630 _d19630 |
||